Gaming Quiz

Random Gaming or Minecraft Quiz

Word Ladder: Minecraft Ores Quiz Stats

 Plays Quiz not verified by Sporcle

Score 0/14 Timer 01:30
1 Play Today
Clue 4-Letter Word % Correct
A type of Minecraft ore•GOLD•
91.3%
A type of Minecraft ore•COAL•
84.9%
A type of Minecraft ore•IRON•
83.8%
Mark on Harry Potter's headBOLT
79.8%
Darkened, like a fontBOLD
79.4%
Fee for a highwayTOLL
75.5%
Hammer or saw, e.g.TOOL
75%
Clue 4-Letter Word % Correct
Common amphibianTOAD
74.1%
Winter warmerCOAT
73.6%
Footballer from IndianapolisCOLT
73.5%
DictatedTOLD
73.5%
Bugs or Daffy, e.g.TOON
71.6%
Prod into actionGOAD
69.5%
A Disney sci-fi film of 1982TRON
67.8%

You're not logged in!

Compare scores with friends on all Sporcle quizzes.
OR
Log In

You Might Also Like...

Show Comments

Extras

Top Quizzes Today


Score Distribution

Your Account Isn't Verified!

In order to create a playlist on Sporcle, you need to verify the email address you used during registration. Go to your Sporcle Settings to finish the process.

Report this User

Report this user for behavior that violates our Community Guidelines.

Details: